Stanovenie obsahu toxických kovov - olova a kadmia - v liečivých rastlinách pochádzajúcich z rôznych lokalít

Bibliographic Details
Main Authors: Svičeková, M. (Author), Havránek, Emil, 1939- (Author)
Format: Article
Language:Slovak
PhysicalDescription:Tab. 3, res. angl., slov., lit. 11 zázn. v angl., češ., nem., slov.
ISSN:0014-8172
Subjects:

MARC

LEADER 00000nab a2200000 a 4500
001 vtls000591540
003 SK-MaSNL
005 20260304091100.0
008 250425c1996 xo 0 slo
015 |a SNBRB19rr/mm-uuuuu 
035 |a CL0591679 
035 |a urn:nbn:sk:snk-ab1pqk 
035 |a (urnnbn)urn:nbn:sk:snk:ar-004wds 
035 |a (uuid)0d1f7edc-5d06-47e0-a446-b028a1549855 
040 |a SNKBUCL  |b slo  |c SNKBUCL  |e AACR2 
041 0 |a slo 
044 |a xo  |c SK 
080 |a 615.32.011:546.48:546.815  |2 1981 
080 |a 546.48  |2 1981 
080 |a 546.815  |2 1981 
100 1 |a Svičeková, M.  |4 aut  |9 1114862 
245 1 0 |a Stanovenie obsahu toxických kovov - olova a kadmia - v liečivých rastlinách pochádzajúcich z rôznych lokalít  |c M. Svičeková, E. Havránek 
300 |b Tab. 3, res. angl., slov., lit. 11 zázn. v angl., češ., nem., slov. 
650 0 7 |a liečivé rastliny  |2 snkbucl  |9 3510 
650 0 7 |a kadmium  |2 snkbucl  |9 16680 
650 0 7 |a olovo  |2 snkbucl  |9 17102 
655 7 |a články z novín a časopisov  |2 snkbucl  |9 267496 
700 1 |a Havránek, Emil,  |d 1939-  |4 aut  |9 263449 
773 0 |t Farmaceutický obzor  |g Roč. 65, č. 6 (1996), s. 147-150  |x 0014-8172 
850 |a Slovenská národná knižnica 
852 |a Slovenská národná knižnica 
954 |a odborná, vedecká literatúra pôvodná (slovenská)  |2 lita 
958 |a article27 
958 |a OND 
958 |a NB 
958 |a RK 
958 |a MI 
958 |a EUIPO 
992 |a RBX 
999 |c 2814021  |d 2815951